INTEGRATED report : small-scale fast-growing forest plantation project in Malaysia (1999-2002)

Bibliographic Details
Corporate Authors: Japan International Cooperation Agency (JICA), Perak
Format: Book
Published: Kuala Lumpur : Forestry Department Peninsular Malaysia , 2002
Subjects:

MARC

LEADER 00000cam a2200000 7i4500
001 0000002544
005 20040326.0
090 0 0 |a JPSM 634.95609595   |b INT 2002 
245 0 0 |a INTEGRATED report :   |b small-scale fast-growing forest plantation project in Malaysia (1999-2002) 
260 0 0 |a Kuala Lumpur :   |b Forestry Department Peninsular Malaysia ,   |c 2002 
300 |a iv, 456 p. :   |b col. ill. ;   |c 30 cm. 
500 0 0 |a Includes bibliographical references 
650 0 0 |a Tree farms   |z Malaysia 
710 1 1 |a Japan International Cooperation Agency (JICA) 
710 1 1 |a Perak ,   |c Forest Department 
998 |a JPSM 
999 |a 0000004928   |b Monograph   |c Open Shelf   |e Default branch 
999 |a 0000004929   |b Monograph   |c Open Shelf   |e Default branch 
999 |a 0000004930   |b Monograph   |c Open Shelf   |e Default branch 
999 |a 0000004931   |b Monograph   |c Open Shelf   |e Default branch 
999 |a 0000004932   |b Monograph   |c Open Shelf   |e Default branch